Rozvoj podnikateľskej činnosti vo vybranej oblasti Podunajska diplomová práca

Uložené v:
Podrobná bibliografia
Hlavný autor: Szabóová, Veronika
Korporativný autor: Obchodná fakulta EU. Katedra služieb a cestovného ruchu - zrušené
Ďalší autori: Strážovská, Helena
Médium: Kniha
Jazyk:Slovak
Vydavateľské údaje: Bratislava 2017
Tagy: Pridať tag
Žiadne tagy, Buďte prvý, kto otaguje tento záznam!

MARC

LEADER 00000nbm a2200000 4500
001 0230559
005 20170814113411.4
041 0 |a slo 
044 |a SK 
245 1 0 |a Rozvoj podnikateľskej činnosti vo vybranej oblasti Podunajska  |b diplomová práca  |c Veronika Szabóová ; školiteľ: Helena Strážovská 
264 1 |a Bratislava  |c 2017 
300 |a 93 s. 
100 1 |a Szabóová, Veronika 
700 1 |a Strážovská, Helena 
710 2 |a Obchodná fakulta EU. Katedra služieb a cestovného ruchu - zrušené